| 000 | 00372nam a2200145Ia 4500 | ||
|---|---|---|---|
| 008 | 230524s9999 xx 000 0 und d | ||
| 020 | _a9788189897047 | ||
| 100 | _aUpendra Nath Dash | ||
| 245 | 0 | _aMaterial Science and Engineering | |
| 250 | _a1 | ||
| 260 |
_aNew Delhi _bIndia Tech Publishing _c2010 |
||
| 500 | _aQuantity Number: 20 | ||
| 700 | _aet al | ||
| 942 | _cBK | ||
| 999 |
_c53567 _d53567 |
||